[Event "32nd Reykjavik Open 2017"]
[Site "Reykjavik"]
[Date "2017.04.19"]
[Round "1"]
[White "Sigurjonsson, Siguringi"]
[Black "Hjartarson, Johann"]
[Result "0-1"]
[WhiteElo "1997"]
[BlackElo "2536"]
[Annotator "TA"]
[PlyCount "72"]
[EventDate "2017.??.??"]
[EventType "swiss"]
[EventCountry "ISL"]
[SourceTitle "playchess.com"]
[Source "ChessBase"]
[SourceQuality "1"]

{[%evp 23,72,35,31,0,20,0,0,-9,0,0,-11,-31,-25,-25,-27,-33,-25,-36,-47,-56,-33,-43,-27,-38,-49,-39,-53,-81,-70,-89,-66,-90,-95,-116,-50,-50,-61,-69,-69,-95,0,0,0,0,0,-62,-55,-59,-47,-376,-364]} 1. Nf3 Nf6 2. c4 b6 3. g3 c5 4. Bg2 Bb7 5. O-O e6 6. Nc3 Be7 7. d4 cxd4 8. Qxd4 d6 9. Bg5 a6 10. Bxf6 Bxf6 11. Qf4 O-O 12. Rfd1 {A30: Symmetrical English: Double Fianchetto and Hedgehog} Be7 {LiveBook: 162 Games} 13. e4 $146 (13. Ne4 Bxe4 14. Qxe4 Ra7 15. Nd4 Rc7 16. b3 Qc8 17. e3 Rc5 18. a4 d5 19. cxd5 Rxd5 20. Qg4 Rg5 21. Qe2 Rd8 22. h4 Rc5 {½-½ (32) Blomqvist,E (2567)-Istratescu,A (2596) London 2016}) 13... Qc7 14. Rac1 {The position is equal.} Nd7 15. Qe3 Rac8 16. b3 Rfe8 17. h4 Bf8 18. Qf4 h6 19. Nh2 Qb8 20. Ng4 Bc6 21. Bf1 b5 22. cxb5 axb5 23. a4 bxa4 24. bxa4 Nc5 25. Bb5 Red8 26. Ne3 Bxb5 27. axb5 Nb3 28. Rc2 Qb6 (28... Rc5 $17 29. Rd3 Rdc8) 29. Rd3 Qb7 30. Qg4 Rc5 31. f4 d5 (31... Rdc8 $17 {Strongly threatening ...d5!} 32. Qd1 {[#]} Nd4 $1 {[%mdl 512]} 33. Rxd4 Rxc3 34. Rxc3 Rxc3) 32. exd5 $11 exd5 {[%cal Be6d5,Bd5d4][%mdl 32] [#] ...d4 is the strong threat.} 33. Qf3 {[%cal Re3d5]} Qa7 34. Ra2 (34. b6 $1 $11 Qxb6 35. Na4) 34... Qb8 $1 $15 35. Qd1 ({Reject} 35. Nexd5 Nc1 36. Rad2 Nxd3 37. Rxd3 Kh8 $17) 35... d4 {And now ...Rdc8 would win.} 36. Rb2 $2 {[%mdl 8192]} (36. Qxb3 $15 dxc3 37. Rxd8 (37. Rxc3 Rxb5 38. Qa4 Rc5 $17) 37... Qxd8 38. b6) 36... Rxc3 0-1

[Event "32nd Reykjavik Open 2017"]
[Site "Reykjavik"]
[Date "2017.04.20"]
[Round "2"]
[White "Giri, Anish"]
[Black "Stefansson, Vignir Vatnar"]
[Result "1-0"]
[WhiteElo "2771"]
[BlackElo "2341"]
[Annotator "TA"]
[PlyCount "88"]
[EventDate "2017.??.??"]
[EventType "swiss"]
[EventCountry "ISL"]
[SourceTitle "playchess.com"]
[Source "ChessBase"]
[SourceQuality "1"]

{[%evp 14,88,48,49,46,28,65,54,53,55,68,55,50,59,73,47,47,42,45,47,55,53,114,111,121,119,127,104,117,111,142,143,140,143,140,144,135,114,114,84,110,87,115,114,115,114,116,115,118,116,126,129,134,115,127,0,129,121,138,113,117,60,51,37,64,72,408,407,403,396,405,404,388,373,855,849,838]} 1. Nf3 e6 2. c4 f5 3. g3 Nf6 {[%cal Bg8f6,Bf6e4,Be4d2][%mdl 32]} 4. Bg2 Be7 5. O-O O-O 6. d4 d6 7. b3 a5 8. Bb2 Ne4 {A96: Classical Dutch: Fluid Systems: Early deviations} (8... a4 9. b4 Nbd7 10. Qc2 Nb6 11. a3 Bd7 12. Nfd2 Bc6 13. Bxc6 bxc6 14. e4 fxe4 15. Nxe4 Qe8 16. Nxf6+ Rxf6 {0-1 (40) Banet,J (2470)-Spitz,P (2507) ICCF email 2009}) 9. Nbd2 Nxd2 10. Qxd2 Nd7 $146 {White is slightly better.} (10... Qe8 11. a4 c6 12. Bc3 Bd8 13. Qc2 Nd7 14. e4 f4 15. e5 dxe5 16. Nxe5 Nxe5 17. dxe5 {0-1 (36) Bradbury,N (2335)-Wiley,T (2225) Edinburgh 1985}) 11. a4 d5 12. e3 c6 13. Rfc1 Bd6 14. cxd5 exd5 15. Ba3 Bxa3 16. Rxa3 Qf6 17. b4 axb4 ({Better is} 17... Qd6 $14) 18. Qxb4 $16 Qd8 19. a5 Rf6 20. Ne1 {[%cal Bf3e1,Be1d3,Bd3b4][%mdl 32]} Qf8 21. Nd3 Qxb4 22. Nxb4 Kf8 {[#]} 23. a6 $1 {[%mdl 512]} bxa6 24. Nxc6 {Black must now prevent Rb3.} Rd6 25. Rb3 {aiming for Nb8.} Nf6 26. Na5 Bd7 27. Bf1 Ke7 28. Bd3 g6 29. Rb7 Ke8 30. Kg2 Rc8 31. Rc5 Ra8 32. h3 Kd8 33. Rb1 {Nb7+ is the strong threat.} Ke7 34. Rb7 (34. Rc7 $16) 34... Ke8 (34... Kd8 $1 $11) 35. Be2 Kd8 36. Bf3 Ke8 37. Rb1 (37. Rbc7 $16) 37... Bb5 $14 38. g4 Ra7 39. Rc8+ Rd8 $2 {[%mdl 8192]} (39... Kf7 $16) 40. Rxd8+ $18 Kxd8 {[#]} 41. Rxb5 $1 {[%mdl 512]} axb5 42. Nc6+ Kc7 43. Nxa7 Kb6 $2 (43... b4 44. gxf5 gxf5) 44. g5 Ne8 1-0

[Event "32nd Reykjavik Open 2017"]
[Site "Reykjavik"]
[Date "2017.04.20"]
[Round "2"]
[White "Jobava, Baadur"]
[Black "Aradhya, Garg"]
[Result "1-0"]
[WhiteElo "2712"]
[BlackElo "2315"]
[Annotator "TA"]
[PlyCount "67"]
[EventDate "2017.??.??"]
[EventType "swiss"]
[EventCountry "ISL"]
[SourceTitle "playchess.com"]
[Source "ChessBase"]
[SourceQuality "1"]

{[%evp 24,67,22,8,14,8,7,0,0,0,0,0,0,4,4,0,0,-17,0,-8,-7,-9,-3,-14,-39,-139,-56,-118,0,0,0,-7,337,324,379,465,813,797,1381,1345,29993,29994,29994,29995,29995,29981]} 1. d4 d5 2. c4 c6 3. Nc3 Nf6 4. Nf3 dxc4 5. a4 Bf5 6. Ne5 Nbd7 7. Nxc4 Nb6 8. Ne5 a5 9. e3 {D17: Slav Defence: 5 a4 Bf5: Lines with 6 Nh4 and 6 Ne5} (9. h4 g6 10. h5 gxh5 11. e4 Bg6 12. Be3 e6 13. Bd3 Nbd7 14. Nxd7 Qxd7 15. f3 Bg7 16. Qd2 O-O {1-0 (60) Aronian,L (2792)-Anand,V (2770) Leuven 2016}) 9... g6 10. Bd3 Bxd3 11. Nxd3 Bg7 {[%cal Bf8g7,Bg7e5,Be5c7][%mdl 32]} 12. Qb3 O-O 13. O-O {LiveBook: 28 Games} Nfd7 14. Ne2 e5 15. Nxe5 Nxe5 16. dxe5 Bxe5 17. e4 $146 Bc7 18. Be3 {Strongly threatening Rfd1.} Qd6 {[%csl Gc7][%cal Rd6h2] [#]} 19. Bf4 Qe7 20. Rfe1 Rfd8 21. h4 Bxf4 22. Nxf4 Qb4 23. Qg3 Rd4 24. f3 (24. h5 $15) 24... Qc5 (24... Nxa4 $17 25. h5 Qc5) 25. Kh2 (25. Qf2 $15) 25... Rxa4 (25... Nxa4 $17 26. b3 Nb6) 26. Rxa4 $11 Nxa4 27. e5 $1 Re8 $2 {[%mdl 8192] [#]} (27... Qe7 $11 {and Black has nothing to worry.}) 28. Nh5 $1 $18 {[%cal Rh5f6] Black must now prevent Nf6+.} Re6 29. f4 {[%cal Bf3f4,Bf4f5][%mdl 32]} (29. Nf6+ Kg7 $16) 29... Qd4 (29... Qf8 $142 30. f5 Re7) 30. f5 Re7 31. e6 {Intending Qb8+ and mate.} fxe6 32. Qb8+ {White mates.} Kf7 33. fxe6+ Rxe6 34. Rf1+ 1-0

[Event "32nd Reykjavik Open 2017"]
[Site "Reykjavik"]
[Date "2017.04.20"]
[Round "2"]
[White "Shirov, Alexei"]
[Black "Kniest, Oliver"]
[Result "1-0"]
[WhiteElo "2693"]
[BlackElo "2301"]
[Annotator "TA"]
[PlyCount "55"]
[EventDate "2017.??.??"]
[EventType "swiss"]
[EventCountry "ISL"]
[SourceTitle "playchess.com"]
[Source "ChessBase"]
[SourceQuality "1"]

{[%evp 26,55,32,24,15,40,41,36,39,40,42,37,40,45,39,52,29,12,13,6,280,198,189,196,583,461,471,470,1253,979,909,560]} 1. e4 e5 2. Nf3 Nc6 3. Bb5 {[%cal Bf1b5,Bb5a4,Ba4b3][%mdl 32]} a6 4. Ba4 Nf6 5. O-O Be7 6. Re1 b5 7. Bb3 d6 8. c3 O-O 9. h3 Na5 10. Bc2 c5 11. d4 Qc7 12. Nbd2 {[%cal Bb1d2,Bd2f1,Bf1e3,Be3f5][%mdl 32]} cxd4 13. cxd4 Rd8 14. b3 Nc6 {C99: Closed Ruy Lopez: Chigorin Defence: 11 d4 Qc7 12 Nbd2 cxd4} 15. Bb2 Qb6 {[%cal Re5d4]} (15... Bb7 16. Rc1 Qb6 17. d5 Nb4 18. Bb1 a5 19. Nf1 Bf8 20. Bc3 Na6 21. Bd2 Rdc8 22. Be3 {1-0 (72) So,W (2822)-Brown,M (2478) chess.com INT 2017}) 16. Nf1 Bb7 {White is slightly better.} 17. Ne3 Nb4 18. Bb1 d5 $1 ({Not} 18... Nxe4 $2 19. Nf5 Bf8 20. Bxe4 $18) ({Wrong is} 18... Bxe4 $2 19. Bxe4 Nxe4 20. a3 $18) 19. Nf5 $146 (19. exd5 exd4 20. Nf5 Bc5 21. a3 Nbxd5 22. b4 Bf8 23. Bxd4 Qc7 24. Qd2 Re8 {½-½ (24) Vesselovsky,S (2399)-Timoscenko,G (2502) Czechia 2006}) 19... Bf8 20. dxe5 Nxe4 21. N3d4 (21. Qe2 $5 {feels hotter.} g6 22. Bd4 Qe6 23. Ne3 Rac8 24. Bb2) 21... g6 22. Ne3 $36 {[%mdl 2048] White is more active.} Nc5 $2 {[%mdl 8192] [#]} (22... Bg7 $1 $11 {and Black stays safe.}) 23. Ng4 $1 $18 {Strongly threatening a3.} Bg7 24. Qd2 Nc6 $2 (24... a5 {is a better chance.} 25. a3 Nba6) 25. Nh6+ {White is clearly winning.} Bxh6 26. Qxh6 Nd3 (26... Ne6 $142) 27. Bxd3 {[#] White wants to mate with Nf5!} Nxd4 28. Qe3 1-0

[Event "32nd Reykjavik Open 2017"]
[Site "Reykjavik"]
[Date "2017.04.20"]
[Round "2"]
[White "Jones, Gawain C B"]
[Black "Le Goff, Damien"]
[Result "1-0"]
[WhiteElo "2671"]
[BlackElo "2278"]
[Annotator "TA"]
[PlyCount "69"]
[EventDate "2017.??.??"]
[EventType "swiss"]
[EventCountry "ISL"]
[SourceTitle "playchess.com"]
[Source "ChessBase"]
[SourceQuality "1"]

{[%evp 10,69,31,26,27,29,27,29,32,29,23,20,26,20,27,27,28,28,25,19,32,32,32,32,32,32,32,36,37,30,28,31,37,21,28,28,49,5,50,50,50,39,93,68,149,127,130,136,369,369,333,385,337,330,322,214,215,254,391,397,532,501]} 1. c4 Nf6 2. Nc3 d6 3. d4 {[%cal Bd2d4,Bd4d5][%mdl 32]} e5 4. d5 Be7 5. e4 O-O 6. Bd3 {LiveBook: 28 Games} a5 {A53: Old Indian Defence without Nf3} (6... c6 7. Nge2 a6 8. O-O cxd5 9. cxd5 Nh5 10. Be3 Bg5 11. Qd2 h6 12. Rac1 Nd7 13. b4 Bxe3 14. Qxe3 {½-½ (39) Cyborowski,L (2518)-Simacek,P (2463) Poland 2016}) 7. h3 Nfd7 $146 (7... Na6 8. Nf3 Nc5 9. Bc2 Bd7 10. Be3 b6 11. O-O g6 12. Bxc5 bxc5 13. Ba4 Bc8 14. Ne1 {0-1 (37) Rodriguez Calvo,M (2142)-Menendez Rey,F (2251) Cambados 2007}) 8. Nf3 Nc5 {White has an edge.} 9. Bc2 f5 10. Be3 Nba6 11. exf5 Bxf5 12. Bxf5 Rxf5 13. O-O Qd7 14. Qe2 Raf8 {[#] Threatens to win with ...Rxf3!} 15. Nd2 Bg5 16. Bxc5 Nxc5 ({Much weaker is} 16... dxc5 $6 17. Nde4 Be7 18. Qg4 $16) 17. Nde4 Nxe4 $1 18. Nxe4 {[#] Strongly threatening g4.} Be7 19. Rac1 b6 20. Rc3 Rf4 21. g3 R4f7 22. Kg2 g6 23. Qg4 Rf5 24. Rd1 {[%cal Bf1d1,Bd1d3,Bd3c3,Bc3c6][%mdl 32]} Kg7 25. Rdd3 c6 (25... h5 $14 26. Qe2 Qc8) 26. Qd1 b5 ({Black should play} 26... c5 $14) 27. cxb5 $16 cxb5 28. Qc2 $36 {[%mdl 2048] White is on the roll.} h5 $2 (28... Bd8 $16 {was worth a try.} 29. Rc6 b4) 29. Rc7 $18 Qd8 30. Rdc3 {Rxe7+! is the strong threat.} R5f7 31. R3c6 h4 32. Rc8 Qd7 33. Rxf8 Bxf8 (33... Kxf8 $142 34. g4 (34. Rc8+ Kg7 $16) 34... Kg7) 34. Ng5 {And now Rc7! would win.} ({Weaker is} 34. gxh4 Be7 35. Rc7 Qf5 $16) 34... Re7 35. Ne6+ 1-0

[Event "32nd Reykjavik Open 2017"]
[Site "Reykjavik"]
[Date "2017.04.20"]
[Round "2"]
[White "Kamsky, Gata"]
[Black "Maisuradze, Nino"]
[Result "1-0"]
[WhiteElo "2668"]
[BlackElo "2273"]
[Annotator "TA"]
[PlyCount "69"]
[EventDate "2017.??.??"]
[EventType "swiss"]
[EventCountry "ISL"]
[SourceTitle "playchess.com"]
[Source "ChessBase"]
[SourceQuality "1"]

{[%evp 18,69,-8,-7,-8,-20,-21,-27,-14,-37,-24,-16,0,0,0,9,0,0,-6,-52,16,0,0,0,0,0,51,46,146,47,90,102,89,90,84,78,186,182,218,201,253,308,522,461,446,427,1249,1221,1215,756,781,756,702,691]} 1. Nf3 d5 2. g3 Nf6 3. Bg2 c6 4. b3 Bg4 5. Bb2 Nbd7 6. d3 Qc7 {A07: Réti Opening: New York and Capablanca Systems} (6... e6 7. Nbd2 Be7 8. e3 a5 9. a3 O-O 10. h3 Bxf3 11. Nxf3 Ne8 12. O-O Bf6 13. d4 Nd6 14. Ne5 a4 15. Nd3 axb3 16. cxb3 {½-½ (56) Topalov,V (2793)-Anand,V (2783) Stavanger 2013}) 7. Nbd2 e5 8. h3 Bh5 9. g4 Bg6 10. Nh4 {LiveBook: 4 Games} Nc5 $146 (10... Be7 11. e3 Nf8 12. Qe2 Ne6 13. Nf5 Bxf5 14. gxf5 {1-0 (40) Petesch,G (2242)-Aagaard,J (2506) Edinburgh 2015}) 11. Nxg6 hxg6 12. e3 Ne6 13. Qe2 Bb4 14. a3 Be7 15. h4 O-O-O 16. g5 Nd7 17. Qg4 Kb8 18. b4 Qd6 ({Black should try} 18... Nb6 $15) 19. O-O-O Nb6 20. Nb3 Na4 21. Ba1 d4 {[#]} (21... c5 $11) 22. f4 $1 {[%mdl 512]} Nc3 {[#]} (22... f5 $14 23. gxf6 gxf6) (22... exf4 23. exd4) 23. Rde1 ({Better is} 23. fxe5 $1 $16 Qxe5 24. Bxc3 dxc3 25. Qe4 Qxe4 26. Bxe4) 23... exf4 24. Nxd4 Nxd4 25. Bxc3 ({But not} 25. exd4 $6 Nd5 $11) 25... Nf5 26. exf4 {[%cal Be3f4,Bf4g5][%mdl 32]} Ka8 (26... Qc7 $16) 27. h5 $18 {[%cal Bh4h5,Bh5h6,Bh6g7][%mdl 32]} Rhe8 28. Re4 Qd7 29. h6 f6 $2 (29... gxh6 {keeps fighting.} 30. gxh6 Rh8) 30. hxg7 {White is clearly winning.} fxg5 31. fxg5 Bd6 (31... Rg8 $142 32. Rh7 Bd6) 32. Rxe8 Rxe8 33. Rh8 Qd8 34. Rxe8 Qxe8 35. Be4 1-0

[Event "32nd Reykjavik Open 2017"]
[Site "Reykjavik"]
[Date "2017.04.20"]
[Round "2"]
[White "L'Ami, Erwin"]
[Black "Webb, Laurence E"]
[Result "1-0"]
[WhiteElo "2614"]
[BlackElo "2271"]
[Annotator "TA"]
[PlyCount "107"]
[EventDate "2017.??.??"]
[EventType "swiss"]
[EventCountry "ISL"]
[SourceTitle "playchess.com"]
[Source "ChessBase"]
[SourceQuality "1"]

{[%evp 19,107,7,8,-10,-12,-8,0,0,11,10,21,15,30,25,15,10,19,15,0,0,0,0,0,0,0,0,79,76,76,80,83,88,88,79,77,82,85,61,70,66,66,61,66,66,71,56,68,66,63,52,117,116,220,216,230,226,215,212,272,268,260,238,294,288,275,262,334,333,279,247,330,306,529,529,597,601,873,848,1332,1176,29955,29956,6019,5624,29980,29981,29981,29982,29982,29983]} 1. d4 Nf6 2. Nf3 c5 3. d5 g6 4. Nc3 Bg7 5. e4 d6 6. Be2 O-O 7. O-O e6 8. dxe6 Bxe6 9. Ng5 Nc6 10. Nxe6 {A43: Schmid Benoni} (10. f4 Nd4 11. f5 gxf5 12. Bd3 Bd7 13. Nd5 h6 14. Nh3 fxe4 15. Nxf6+ Bxf6 16. Bxe4 d5 17. Bf3 Bxh3 18. gxh3 {0-1 (27) Le Roux,J (2538)-Popov,I (2613) Aix les Bains 2011}) 10... fxe6 {LiveBook: 16 Games} 11. f4 Nd4 12. Bd3 {The position is equal.} Qb6 {Strongly threatening ...c4!} 13. Kh1 Rad8 14. Ne2 $146 (14. a4 a6 {½-½ (14) Panjoel,B-Caessens,R (2249) Tilburg 2006}) 14... Nc6 15. c3 c4 16. Bxc4 Nxe4 {Threatens to win with ...d5.} 17. Bxe6+ Kh8 18. Qe1 Nc5 19. f5 {aiming for Be3.} Nxe6 20. fxe6 Rxf1+ 21. Qxf1 Rf8 22. Qe1 $36 {[%mdl 2048] White fights for an advantage.} Qf2 {[#]} (22... Qb5 $11 {keeps the balance.}) 23. Bf4 $1 $16 {[%mdl 512]} Qxe1+ ({Don't choose} 23... Rxf4 $2 24. Nxf4 Qxf4 25. e7 Nxe7 26. Qxe7 $18) 24. Rxe1 Be5 25. Bxe5+ dxe5 {[%mdl 4096] Endgame KRN-KRN} 26. Ng3 Re8 27. Ne4 Rxe6 28. g3 Kg7 29. Rd1 Re8 30. Rd7+ Re7 31. Rd6 Na5 32. b3 {[%cal Bb2b3,Bb3b4][%mdl 32]} b6 33. Kg2 Nb7 34. Rc6 Na5 (34... Nd8 $14 35. Rd6 Nb7) 35. Rc8 h6 (35... Nb7 $16 {was called for.} 36. Kf2 Kf7) 36. b4 $18 Nb7 37. Ra8 a5 {[#]} 38. Ra6 $1 axb4 39. cxb4 Nd8 40. a4 ({Don't do} 40. Rxb6 $6 Ra7 $16) 40... Rb7 41. Nd6 Rb8 {[#]} 42. b5 $1 Ne6 {intending ...Nc5.} 43. Nc4 Rc8 44. Nxe5 ({Weaker is} 44. Rxb6 Rxc4 45. Rxe6 Rxa4 $16) 44... Rc2+ 45. Kf3 Nc5 $2 (45... Kf6 {might work better.}) 46. Rxb6 Nxa4 47. Rxg6+ Kh7 48. Ra6 Rc3+ 49. Kg4 Nb2 50. Ra7+ Kg8 51. b6 {[%cal Bb5b6,Bb6b7][%mdl 32]} Nc4 52. Nxc4 {White mates.} Rxc4+ 53. Kh3 Rb4 54. b7 1-0

[Event "32nd Reykjavik Open 2017"]
[Site "Reykjavik"]
[Date "2017.04.20"]
[Round "2"]
[White "Landa, Konstantin"]
[Black "Gorti, Akshita"]
[Result "1-0"]
[WhiteElo "2611"]
[BlackElo "2261"]
[Annotator "TA"]
[PlyCount "123"]
[EventDate "2017.??.??"]
[EventType "swiss"]
[EventCountry "ISL"]
[SourceTitle "playchess.com"]
[Source "ChessBase"]
[SourceQuality "1"]

{[%evp 15,123,17,20,12,14,13,1,4,28,28,30,8,27,4,8,-2,29,25,56,31,31,31,31,39,45,27,35,27,70,64,67,69,82,53,70,73,104,104,107,107,107,107,108,107,102,110,114,100,128,127,112,105,135,133,140,137,147,142,151,139,142,150,145,144,149,106,182,187,191,185,217,230,255,241,255,251,251,227,225,248,429,428,410,400,328,229,303,293,301,294,293,8,8,0,308,302,501,96,105,105,271,257,242,118,409,252,629,627,956,811]} 1. Nf3 Nf6 2. c4 b6 3. g3 Bb7 4. Bg2 e6 5. O-O Be7 6. Nc3 O-O 7. Re1 d5 8. cxd5 Nxd5 9. Nxd5 {A17: English Opening: 1...Nf6 with ...Bb4} exd5 10. d4 Nd7 {[%cal Bb8d7,Bd7f6,Bf6e4][%mdl 32]} 11. Bf4 {The position is equal.} (11. b3 Re8 12. Bb2 Bb4 13. Nd2 Nf6 14. a3 Bd6 15. Nc4 Bf8 16. Qc2 Ne4 {1-0 (58) Bu,X (2681)-Zhao,J (2621) China 2015}) 11... Nf6 12. Rc1 c5 13. Ne5 {[%cal Bf3e5,Be5d3,Bd3f4][%mdl 32]} Re8 $146 (13... Qc8 14. Qa4 Qe6 15. h4 Bd6 16. Nd3 cxd4 17. Qxd4 {1-0 (37) Kunin,V (2548)-Bitoon,R (2461) Moscow 2011}) 14. dxc5 bxc5 15. Bg5 Ne4 16. Bxe7 Qxe7 17. Nd3 Rac8 18. Qa4 c4 19. Nf4 Qc5 20. e3 h6 21. Qc2 Qa5 22. Red1 Rcd8 23. h4 a6 24. b3 Rc8 25. Qb2 {Strongly threatening bxc4.} Qb5 26. Qd4 cxb3 27. axb3 Nf6 28. Bf1 Qa5 29. Ra1 Qc3 30. Bxa6 Qxd4 31. Rxd4 Ra8 32. Rda4 Bxa6 33. Rxa6 Rxa6 34. Rxa6 $16 {[%mdl 4096] Endgame KRN-KRN} Rb8 35. Ra3 g5 36. Ne2 gxh4 37. gxh4 Ne4 38. Nd4 Nc5 39. h5 Rb6 40. Ra8+ Kg7 (40... Kh7 $16) 41. Nf5+ Kh7 42. Ra7 Nb7 43. Kg2 Rxb3 44. Ra6 Rb5 45. Rxh6+ Kg8 46. Rf6 Nc5 47. Rxf7 Ne4 $2 (47... Kxf7 48. Nd6+ Kg7 49. Nxb5 Kh6) 48. Rg7+ $18 Kh8 49. h6 Rb6 50. Rd7 Rb2 51. Rxd5 Rxf2+ 52. Kh3 Nf6 53. Kg3 $2 ({White should play} 53. Re5 $18) 53... Ne4+ $11 54. Kh3 $2 {[%mdl 8192]} (54. Kh4 $11 Rh2+ 55. Kg4 Nf6+ 56. Kg3 Nxd5 57. Kxh2) 54... Nf6 $1 $18 {[%cal Rf6d5]} 55. Re5 Kh7 $2 (55... Kg8 {was called for.} 56. Kg3 Rf1) 56. Kg3 $2 (56. Re7+ $1 $18 {is the precise move to win.} Kg6 57. e4) 56... Rf1 $16 {[#]} 57. Kg2 $1 {[%cal Rg2f1]} Rb1 $2 {[#]} (57... Rf2+ $16 {keeps fighting.} 58. Kxf2 Ng4+ 59. Kg3 Nxe5) 58. Re6 $1 $18 {[%cal Re6f6]} Nd5 59. Kf3 (59. Rd6 $18 {is more deadly.} Nc3 60. Rd7+ Kh8 61. Nd6) 59... Nc3 $2 {[%mdl 8192]} (59... Rb6 $16 60. Rxb6 Nxb6) 60. Kf4 Rb7 $2 (60... Nd5+ 61. Ke5 Rb5) 61. e4 Rf7 62. Rc6 1-0

[Event "32nd Reykjavik Open 2017"]
[Site "Reykjavik"]
[Date "2017.04.20"]
[Round "2"]
[White "Beliavsky, Alexander G"]
[Black "Einarsson, Halldor Gretar"]
[Result "1-0"]
[WhiteElo "2597"]
[BlackElo "2257"]
[Annotator "TA"]
[PlyCount "85"]
[EventDate "2017.??.??"]
[EventType "swiss"]
[EventCountry "ISL"]
[SourceTitle "playchess.com"]
[Source "ChessBase"]
[SourceQuality "1"]

{[%evp 22,85,48,48,54,56,45,43,194,194,208,204,195,184,179,140,130,83,91,39,161,168,170,167,150,167,167,160,170,185,172,187,154,167,190,219,183,62,275,281,233,148,178,153,356,218,353,353,310,238,207,197,326,311,287,302,303,271,829,826,830,804,721,716,830,814]} 1. c4 f5 2. g3 Nf6 3. Bg2 g6 4. Nf3 Bg7 5. O-O O-O 6. Nc3 d6 7. d4 Qe8 8. Re1 c6 9. e4 {A88: Dutch Defence: Leningrad System: 5 Nf3 0-0 6 0-0 d6 7 Nc3 c6} fxe4 10. Nxe4 Nxe4 11. Rxe4 Bf5 12. Re3 {LiveBook: 4 Games} (12. Re1 Nd7 13. h3 e5 14. g4 Be6 15. d5 cxd5 16. Ng5 Nb6 17. cxd5 {1-0 (41) Harutyunian,T (2436)-Hambartsumian,Y (2336) Jermuk 2014}) 12... e5 13. dxe5 $146 (13. Qb3 Qf7 14. dxe5 dxe5 15. Ng5 Qe7 16. Re2 a5 {1-0 (27) Morris,C-San Marco,B ICCF corr 1988}) 13... dxe5 14. Bd2 Qf7 $2 (14... Nd7 $14) 15. Nxe5 $18 (15. Bb4 $6 Re8 $16) 15... Bxe5 16. Rxe5 Nd7 17. Re3 (17. Re2 Bd3 $11) 17... Qxc4 18. Qe1 Qf7 19. b4 (19. Re7 Rfe8 20. Rxf7 Rxe1+ 21. Rxe1 Kxf7 $14) 19... Nb6 20. Bc3 (20. b5 $16 cxb5 21. Bc3 (21. Re7 Rae8 22. Rxf7 Rxe1+ 23. Rxe1 Rxf7 $11)) 20... Rad8 (20... Rae8 $1 $14) 21. Re7 Rfe8 {[#]} 22. Qe5 $1 {[%csl Gc3][%cal Re5h8]} (22. Rxf7 $6 Rxe1+ 23. Bxe1 (23. Rxe1 Kxf7 24. b5 cxb5 $11) 23... Kxf7 $11) 22... Qxe7 23. Qh8+ $40 {[%mdl 128] White attacks with force.} Kf7 24. Qxh7+ Ke6 25. Re1+ Kd7 26. Rxe7+ Rxe7 27. Qh4 Na4 28. Bd2 Re2 29. b5 (29. Bg5 $18 {Qd4+ is the strong threat.} Re1+ 30. Bf1) 29... cxb5 $2 ({But not} 29... Rxd2 30. Qxa4 Ke7 31. bxc6 (31. Qxa7 $2 Rd1+ 32. Bf1 Bh3 33. Qe3+ Kf7 34. Qf4+ Kg7 35. Qc7+ R8d7 36. Qxd7+ Bxd7 $19) 31... Rd1+ 32. Bf1 bxc6 33. Kg2 $18 (33. Qxc6 $2 Bh3 34. Qe4+ Kf7 35. Qb7+ R8d7 36. Qb3+ Kg7 37. Qc3+ Kh7 $19) (33. Qxa7+ Kf6 34. Qa4 Kg7 $18)) ({Better is} 29... Kc8 $1 $14) 30. Qd4+ Ke8 31. Qh8+ {[%mdl 1024] White has strong compensation.} Kd7 32. Qg7+ Re7 $2 (32... Ke6 $16) 33. Qf6 Ke8 (33... Re2 $142) 34. Qh8+ Kd7 35. Qh6 ({Much less strong is} 35. Qf6 Re6 36. Qg7+ Ke8 $18) 35... Kc8 36. h3 Nb6 (36... Red7 $142) 37. Bg5 Re1+ 38. Kh2 Rde8 39. Qg7 {[%csl Gg2][%cal Rg7b7] [#]} Nd7 $2 (39... Bd7 40. Bf4 Nc4 41. Qxg6 R1e7) 40. Qc3+ {White is clearly winning.} Kb8 41. Bf4+ Ka8 42. g4 Bb1 43. Qc7 1-0